<?xml version="1.0" encoding="UTF-8"?>
<record
    xmlns:xsi="http://www.w3.org/2001/XMLSchema-instance"
    xsi:schemaLocation="http://www.loc.gov/MARC21/slim http://www.loc.gov/standards/marcxml/schema/MARC21slim.xsd"
    xmlns="http://www.loc.gov/MARC21/slim">

  <leader>00977nam a22002417a 4500</leader>
  <controlfield tag="003">BI-BuBU</controlfield>
  <controlfield tag="008">091210t        xxu||||dr|||| 000 0dfre d</controlfield>
  <datafield tag="020" ind1=" " ind2=" ">
    <subfield code="a">1887531300</subfield>
  </datafield>
  <datafield tag="037" ind1=" " ind2=" ">
    <subfield code="b">Don du BSP</subfield>
  </datafield>
  <datafield tag="039" ind1=" " ind2=" ">
    <subfield code="b">bb</subfield>
    <subfield code="c">2011103108228.0</subfield>
    <subfield code="d">B&#xE9;atrice Barankeba</subfield>
  </datafield>
  <datafield tag="040" ind1=" " ind2=" ">
    <subfield code="a">BI-BuBU</subfield>
    <subfield code="b">fre</subfield>
    <subfield code="c">BI-BuBU</subfield>
  </datafield>
  <datafield tag="080" ind1=" " ind2=" ">
    <subfield code="a">339.5 STO.</subfield>
  </datafield>
  <datafield tag="100" ind1="1" ind2=" ">
    <subfield code="4">aut</subfield>
    <subfield code="a">Stone, Ralph</subfield>
    <subfield code="9">44860</subfield>
  </datafield>
  <datafield tag="245" ind1="1" ind2="0">
    <subfield code="a">Quel est votre r&#xF4;le ?</subfield>
    <subfield code="b">la formation et son incidence sur l'organisation : guide &#xE0; l'intention des responsables de la formation &#xE0; la gestion des aires prot&#xE9;g&#xE9;es</subfield>
    <subfield code="c">Ralph Stone ; r&#xE9;d. par Jared Crawford</subfield>
  </datafield>
  <datafield tag="260" ind1=" " ind2=" ">
    <subfield code="a">Washington</subfield>
    <subfield code="b">BSP</subfield>
  </datafield>
  <datafield tag="300" ind1=" " ind2=" ">
    <subfield code="a">Pagination multiple</subfield>
    <subfield code="b">ill., couv. ill. en coul.</subfield>
  </datafield>
  <datafield tag="504" ind1=" " ind2=" ">
    <subfield code="a">Bibliogr.</subfield>
  </datafield>
  <datafield tag="650" ind1=" " ind2="7">
    <subfield code="2">BI-BuBU</subfield>
    <subfield code="a">Formation</subfield>
    <subfield code="9">7995</subfield>
    <subfield code="x">Organisation</subfield>
    <subfield code="x">Aire prot&#xE9;g&#xE9;e</subfield>
    <subfield code="z">Afrique</subfield>
  </datafield>
  <datafield tag="700" ind1="1" ind2=" ">
    <subfield code="4">red</subfield>
    <subfield code="a">Crawford, Jared</subfield>
    <subfield code="9">44861</subfield>
  </datafield>
  <datafield tag="942" ind1=" " ind2=" ">
    <subfield code="2">udc</subfield>
    <subfield code="c">BK</subfield>
  </datafield>
  <datafield tag="999" ind1=" " ind2=" ">
    <subfield code="c">2040</subfield>
    <subfield code="d">2040</subfield>
  </datafield>
  <datafield tag="952" ind1=" " ind2=" ">
    <subfield code="0">0</subfield>
    <subfield code="1">0</subfield>
    <subfield code="2">udc</subfield>
    <subfield code="4">0</subfield>
    <subfield code="7">0</subfield>
    <subfield code="9">1936</subfield>
    <subfield code="a">BC</subfield>
    <subfield code="b">BC</subfield>
    <subfield code="d">2009-12-10</subfield>
    <subfield code="e">Don du BSP</subfield>
    <subfield code="l">0</subfield>
    <subfield code="o">339.5 STO.</subfield>
    <subfield code="p">5010000038465</subfield>
    <subfield code="r">2009-12-10</subfield>
    <subfield code="t">1</subfield>
    <subfield code="w">2009-12-10</subfield>
    <subfield code="y">BK</subfield>
  </datafield>
</record>
